UBT Library

Infectious Diseases (Record no. 55832)

000 -LEADER
fixed length control field 00329nam a22001457a 4500
008 - FIXED-LENGTH DATA ELEMENTS--GENERAL INFORMATION
fixed length control field 210305b ||||| |||| 00| 0 eng d
020 ## - INTERNATIONAL STANDARD BOOK NUMBER
International Standard Book Number 0723409579
041 ## - LANGUAGE CODE
Language code of text/sound track or separate title eng
080 ## - UNIVERSAL DECIMAL CLASSIFICATION NUMBER
Edition identifier 616
Universal Decimal Classification number 616
082 ## - DEWEY DECIMAL CLASSIFICATION NUMBER
Edition number 616
100 ## - Rafti
Rafti 9
101 ## - Shkurtesa
Shkurtesa PAT
245 ## - TITLE STATEMENT
Title Infectious Diseases
Statement of responsibility, etc R.T.D Emond & H.A.K. Rowland
942 ## - ADDED ENTRY ELEMENTS (KOHA)
Source of classification or shelving scheme
Item type Books
Holdings
Withdrawn status Lost status Source of classification or shelving scheme Damaged status Not for loan Collection code Permanent location Current location Shelving location Date acquired Total Checkouts Full call number Barcode Date last seen Copy number Price effective from Koha item type
          Koleksioni i përgjithshem UBT - Lipjan UBT - Lipjan Koleksioni i përgjithshem 03/05/2021   616EMO 002-7000990 03/05/2021 616EMO 03/05/2021 Books
UBT Library © 2015-2024. All rights reserved University Education for Business and Technology